00666nam a2200217Ia 4500003000400000005001700004008004100021040000700062041001200069082001800081100002800099245003200127260002600159300002700185365001300212700003200225906003100257942001200288999001900300952012900319OSt20251104182553.0210423s2006 xx 000 0 und d cAL aEnglish a362.29 bCHUT aJoan Chunkapura9120314 aTransitions and counselling aKottayambTRADAc2006 a225p.bPBc21x132.5cm. b130cINR aThuruthiyil, Scaria9243925 acounselling. ; Transitions 2ddccBK c175916d175916 001040708MSWaSACPGbSACPGd2011-09-09eBook Worldg130.00l0o362.29 CHUTpPG022616r2022-08-24 00:00:00w2021-04-26yBK